La struttura della filosofia fichtiana. Analisi della Wissenschafstlehre 1804 (Record no. 587160)

000 -CABECERA
Campo de control de longitud fija 00478nab a2200145Ia 4500
003 - IDENTIFICADOR DEL NÚMERO DE CONTROL
Campo de control ES-SlBCS
005 - FECHA Y HORA DE LA ÚLTIMA TRANSACCIÓN
Campo de control 20211118191019.0
008 - CÓDIGOS DE INFORMACIÓN DE LONGITUD FIJA
Campo de control de longitud fija 140529s1984 xxu||||| |||| 00| 0 ita d
041 ## - CÓDIGO DE LENGUA
Código de lengua del texto/banda sonora o título independiente ita
100 1# - PUNTO DE ACCESO PRINCIPAL-NOMBRE DE PERSONA
Nombre de persona Ivaldo, Marco
9 (RLIN) 62722
245 00 - MENCIÓN DE TÍTULO
Título La struttura della filosofia fichtiana. Analisi della Wissenschafstlehre 1804
Mención de responsabilidad, etc. Marco Ivaldo
650 04 - PUNTO DE ACCESO ADICIONAL DE MATERIA-TÉRMINO DE MATERIA
Término de materia o nombre geográfico como elemento inicial Filosofía Fichteana
9 (RLIN) 199777
773 0# - ENLACE AL DOCUMENTO FUENTE
Título Giornali di Metafisica
Parte(s) relacionada(s) vol. 6, nº. 3, 1984, págs. 359-396
Número de control del registro relacionado 0017-0372
942 ## - ENTRADA DE ELEMENTOS AGREGADOS (KOHA)
Koha [por defecto] tipo de item Artículos de revista
Holdings
Suprimido Perdido Estropeado No para préstamo Localización permanente Localización actual Localización en estantería Fecha adquisición Préstamos totales Fecha última consulta Fecha del precio de reemplazo Tipo de item de Koha
        San Esteban San Esteban Depósito de revistas 11/07/2014   11/07/2014 11/07/2014 Artículos de revista

Bibliotecas Dominicos Provincia Hispania, 2016

Con tecnología Koha